[Event "RUS-ch Rapid"]
[Site "Sochi"]
[Date "2023.10.15"]
[Round "1"]
[White "Sysolyatin, Evgeny Valerievich"]
[Black "Khismatullin, Denis Rimovich"]
[Result "0-1"]
[WhiteElo "2271"]
[BlackElo "2579"]
[PlyCount "72"]
[EventDate "2023.10.15"]
[EventType "swiss (rapid)"]
[EventRounds "11"]
[EventCountry "RUS"]
[SourceTitle "Mega2024 Update 01"]
[Source "Chessbase"]
[SourceDate "2023.11.12"]
[SourceVersion "1"]
[SourceVersionDate "2023.11.12"]
[SourceQuality "1"]

1. e4 c5 2. Nf3 d6 3. Bb5+ Nd7 4. 0-0 Ngf6 5. Re1 a6 6. Bf1 b6 7. b3 Bb7 8. d3 g6 9. Bb2 Bg7 10. Nbd2 0-0 11. Qc1 Qc7 12. a4 e5 13. Nc4 Rfe8 14. g3 d5 15. exd5 Nxd5 16. Bg2 Nb4 17. a5 b5 18. Nb6 Nxb6 19. axb6 Qd6 20. Re2 Re7 21. Qe1 Rae8 22. Bc3 Nd5 23. Bd2 Qxb6 24. Rd1 b4 25. Ng5 h6 26. Nf3 a5 27. h3 f5 28. Nh4 Kh7 29. Kh1 e4 30. dxe4 Nc3 31. Bxc3 Bxc3 32. Qg1 fxe4 33. f4 Ba6 34. Rxe4 Rxe4 35. Bxe4 Rxe4 36. Rd7+ Kg8 0-1

[Event "RUS-ch Blitz"]
[Site "Sochi"]
[Date "2023.10.14"]
[Round "1"]
[White "Kezin, Roman"]
[Black "Sysolyatin, Evgeny Valerievich"]
[Result "1-0"]
[WhiteElo "2505"]
[BlackElo "2271"]
[PlyCount "27"]
[EventDate "2023.10.14"]
[EventType "swiss (blitz)"]
[EventRounds "13"]
[EventCountry "RUS"]
[SourceTitle "Mega2024 Update 01"]
[Source "Chessbase"]
[SourceDate "2023.11.12"]
[SourceVersion "1"]
[SourceVersionDate "2023.11.12"]
[SourceQuality "1"]

1. d4 d5 2. c4 dxc4 3. e3 e5 4. Bxc4 exd4 5. exd4 c6 6. Nf3 Nf6 7. Qe2+ Qe7 8. Qxe7+ Bxe7 9. 0-0 Nbd7 10. Re1 Nb6 11. Bb3 Nfd5 12. Nc3 Be6 13. Bd2 h6 14. Ne4 1-0

[Event "Titled Tuesday intern op 06th Apr"]
[Site "Chess.com INT"]
[Date "2021.04.06"]
[Round "2"]
[White "Sysolyatin, Evgeny Valerievich"]
[Black "Nasuta, Grzegorz"]
[Result "1-0"]
[WhiteElo "2271"]
[BlackElo "2512"]
[PlyCount "85"]
[EventDate "2021.04.06"]
[EventType "swiss (blitz)"]
[EventRounds "11"]
[EventCountry "USA"]
[SourceTitle "CBM 201 Extra"]
[Source "ChessBase"]
[SourceDate "2021.05.31"]
[SourceVersion "1"]
[SourceVersionDate "2021.05.31"]
[SourceQuality "1"]

1. e4 c5 2. Nf3 e6 3. d4 cxd4 4. Nxd4 Nf6 5. Nc3 d6 6. Bg5 Be7 7. Qe2 0-0 8. 0-0-0 Nxe4 9. Bxe7 Nxc3 10. Bxd8 Nxe2+ 11. Bxe2 Rxd8 12. Nb5 Nc6 13. Nxd6 Rb8 14. Bf3 Bd7 15. Nxb7 Rxb7 16. Bxc6 Rc7 17. Bxd7 Rcxd7 18. Rxd7 Rxd7 19. Rd1 Rxd1+ 20. Kxd1 Kf8 21. Kd2 Ke7 22. Kd3 Kd6 23. c4 Kc5 24. Kc3 e5 25. b4+ Kc6 26. a4 f5 27. g3 Kd6 28. f3 h5 29. a5 Kc6 30. b5+ Kc5 31. a6 g5 32. Kd3 g4 33. Ke3 Kb6 34. f4 e4 35. Kd4 Kc7 36. c5 Kc8 37. b6 axb6 38. c6 Kb8 39. Kc4 b5+ 40. Kxb5 e3 41. Kb6 e2 42. a7+ Ka8 43. c7 1-0

[Event "Titled Tuesday intern op 29th Sept"]
[Site "Chess.com INT"]
[Date "2020.09.29"]
[Round "1"]
[White "Demchenko, Anton"]
[Black "Sysolyatin, Evgeny Valerievich"]
[Result "1-0"]
[WhiteElo "2641"]
[BlackElo "2271"]
[PlyCount "75"]
[EventDate "2020.09.29"]
[EventType "swiss (blitz)"]
[EventRounds "10"]
[EventCountry "USA"]
[SourceTitle "CBM 198 Extra"]
[Source "ChessBase"]
[SourceDate "2020.11.30"]
[SourceVersion "1"]
[SourceVersionDate "2020.11.30"]
[SourceQuality "1"]

1. e4 e5 2. Nf3 Nc6 3. Bc4 Bc5 4. d3 Nf6 5. Bg5 d6 6. c3 Bb6 7. Nbd2 a6 8. 0-0 Na5 9. Bd5 h6 10. Bh4 g5 11. Bg3 c6 12. Bxf7+ Kxf7 13. b4 Kg7 14. Rc1 Bg4 15. bxa5 Bxa5 16. Nc4 Bc7 17. Ne3 Be6 18. a4 Rf8 19. c4 Nh5 20. Rb1 Nxg3 21. hxg3 Rb8 22. g4 Qe8 23. d4 Rf4 24. d5 Bd7 25. Nd2 c5 26. g3 Rf6 27. Nf5+ Kg6 28. Kg2 Bxa4 29. Qe2 Bd7 30. Rh1 Bxf5 31. exf5+ Kg7 32. Ne4 Bd8 33. Qe3 b5 34. Ra1 Rb6 35. cxb5 axb5 36. Nxg5 hxg5 37. Qxg5+ Rg6 38. Ra7+ 1-0

[Event "Titled Tuesday intern op 18th Aug"]
[Site "Chess.com INT"]
[Date "2020.08.18"]
[Round "6"]
[White "Postny, Evgeny"]
[Black "Sysolyatin, Evgeny Valerievich"]
[Result "1-0"]
[WhiteElo "2600"]
[BlackElo "2271"]
[PlyCount "103"]
[EventDate "2020.08.18"]
[EventType "swiss (blitz)"]
[EventRounds "10"]
[EventCountry "USA"]
[SourceTitle "CBM 197 Extra"]
[Source "ChessBase"]
[SourceDate "2020.09.30"]
[SourceVersion "1"]
[SourceVersionDate "2020.09.30"]
[SourceQuality "1"]

1. e4 e5 2. Nf3 Nc6 3. Bc4 Nf6 4. Ng5 d5 5. exd5 Na5 6. Bb5+ c6 7. dxc6 bxc6 8. Qf3 Rb8 9. Bd3 h6 10. Ne4 Nd5 11. Ng3 Be7 12. 0-0 0-0 13. Nc3 Nf4 14. Be4 f5 15. Bxc6 Nxc6 16. Qxc6 Bb7 17. Qc4+ Kh8 18. f3 Rc8 19. Qb3 Bc5+ 20. Kh1 Rb8 21. Qc4 Rc8 22. d3 Nd5 23. Qb5 Bb6 24. Bd2 Rc5 25. Qb3 Qh4 26. Na4 Rcc8 27. Nxb6 Nxb6 28. Rae1 e4 29. dxe4 fxe4 30. Nxe4 Bxe4 31. fxe4 Rxf1+ 32. Rxf1 Qxe4 33. Qd3 Qxd3 34. cxd3 Rc2 35. Bc3 Nd5 36. Bd4 Rd2 37. h3 a5 38. Rf7 Rxd3 39. Bxg7+ Kg8 40. Rd7 h5 41. Bh6 Nb4 42. Rxd3 Nxd3 43. b3 Nb4 44. Bd2 Nxa2 45. Bxa5 Nc1 46. b4 Nb3 47. Bb6 Kf7 48. Be3 Ke6 49. Kh2 Kd5 50. b5 Na5 51. Kg3 Kc4 52. b6 1-0

[Event "Titled Tuesday intern op 18th Aug"]
[Site "Chess.com INT"]
[Date "2020.08.18"]
[Round "4"]
[White "Sysolyatin, Evgeny Valerievich"]
[Black "Chan, Yi Ren Daniel"]
[Result "1-0"]
[WhiteElo "2271"]
[BlackElo "2316"]
[PlyCount "103"]
[EventDate "2020.08.18"]
[EventType "swiss (blitz)"]
[EventRounds "10"]
[EventCountry "USA"]
[SourceTitle "CBM 197 Extra"]
[Source "ChessBase"]
[SourceDate "2020.09.30"]
[SourceVersion "1"]
[SourceVersionDate "2020.09.30"]
[SourceQuality "1"]

1. e4 c6 2. d4 d5 3. Nc3 dxe4 4. Nxe4 Nf6 5. Nxf6+ exf6 6. Bc4 Bd6 7. Qe2+ Qe7 8. Qxe7+ Bxe7 9. Ne2 0-0 10. Bf4 Bf5 11. 0-0-0 Nd7 12. Rhe1 Rfe8 13. Bb3 a5 14. a4 Nb6 15. Nc3 Bb4 16. Bd2 Rad8 17. Rxe8+ Rxe8 18. Re1 Rd8 19. Ne2 Bxd2+ 20. Kxd2 Be6 21. Bxe6 fxe6 22. b3 Kf7 23. c4 Nc8 24. Kc3 Nd6 25. f3 h5 26. Nf4 Nf5 27. Nxe6 Rd6 28. Nc5 b6 29. Ne4 Rd7 30. Rd1 Ne3 31. Rd2 Nf1 32. Rd3 h4 33. h3 f5 34. Ng5+ Kf6 35. f4 Ng3 36. Nf3 Ne2+ 37. Kd2 Nxf4 38. Re3 Nxg2 39. Re8 Nf4 40. Rf8+ Ke6 41. Nxh4 Rxd4+ 42. Ke3 Re4+ 43. Kf3 g6 44. Re8+ Kd6 45. Rxe4 fxe4+ 46. Kxf4 g5+ 47. Kxg5 e3 48. Ng2 b5 49. cxb5 cxb5 50. Nxe3 Kc5 51. axb5 a4 52. bxa4 1-0

[Event "Titled Tuesday intern op 11th Aug"]
[Site "Chess.com INT"]
[Date "2020.08.11"]
[Round "1"]
[White "Sysolyatin, Evgeny Valerievich"]
[Black "Cardoso Cardoso, Jose Gabriel"]
[Result "0-1"]
[WhiteElo "2271"]
[BlackElo "2414"]
[PlyCount "100"]
[EventDate "2020.08.11"]
[EventType "swiss (blitz)"]
[EventRounds "10"]
[EventCountry "USA"]
[SourceTitle "CBM 197 Extra"]
[Source "ChessBase"]
[SourceDate "2020.09.30"]
[SourceVersion "1"]
[SourceVersionDate "2020.09.30"]
[SourceQuality "1"]

1. e4 c5 2. Nf3 d6 3. d4 cxd4 4. Nxd4 Nf6 5. Nc3 a6 6. Bg5 Nbd7 7. Qe2 h6 8. Bh4 g5 9. Bg3 e6 10. 0-0-0 Qc7 11. h4 Rg8 12. hxg5 hxg5 13. Kb1 Ne5 14. Nf3 b5 15. Nxe5 dxe5 16. Qf3 Be7 17. Bd3 b4 18. Ne2 Bb7 19. Qe3 Bc5 20. Qc1 Ng4 21. Rh5 Qe7 22. Rf1 0-0-0 23. Qe1 Nf6 24. Rhh1 Nxe4 25. Bxe5 f6 26. Ng3 Nxg3 27. Bxg3 Rg7 28. f4 gxf4 29. Rxf4 e5 30. Rc4 Kb8 31. Bh4 Bxg2 32. Rh2 Bd5 33. Bxf6 Qxf6 34. Rxc5 Qd6 35. Qxb4+ Rb7 36. Qa5 e4 37. Rh6 Rg8 38. Rh1 exd3 39. Rxd5 dxc2+ 40. Kc1 Qf4+ 41. Qd2 Qf6 42. Qxc2 Rc8 43. Rc5 Rxc5 44. Qxc5 Qxb2+ 45. Kd1 Qb1+ 46. Qc1 Qd3+ 47. Ke1 Re7+ 48. Kf2 Re2+ 49. Kf1 Qf3+ 50. Kg1 Qg2# 0-1

[Event "Titled Tuesday intern op 21st July"]
[Site "Chess.com INT"]
[Date "2020.07.21"]
[Round "8"]
[White "Glavina, Pablo"]
[Black "Sysolyatin, Evgeny Valerievich"]
[Result "1/2-1/2"]
[WhiteElo "2408"]
[BlackElo "2271"]
[PlyCount "159"]
[EventDate "2020.07.21"]
[EventType "swiss (blitz)"]
[EventRounds "10"]
[EventCountry "USA"]
[SourceTitle "CBM 197 Extra"]
[Source "ChessBase"]
[SourceDate "2020.09.30"]
[SourceVersion "1"]
[SourceVersionDate "2020.09.30"]
[SourceQuality "1"]

1. c4 e5 2. Nc3 Nf6 3. Nf3 Nc6 4. e4 Bb4 5. d3 0-0 6. Be2 d6 7. 0-0 Bc5 8. Nd2 a6 9. Nb3 Ba7 10. Nd5 Nxd5 11. cxd5 Nd4 12. Be3 Nxe2+ 13. Qxe2 Bxe3 14. Qxe3 c5 15. dxc6 bxc6 16. Rac1 c5 17. Nd2 Be6 18. Nc4 a5 19. Qg3 f5 20. f4 exf4 21. Rxf4 fxe4 22. Rxe4 Bf5 23. Rf4 d5 24. Ne3 Be6 25. Rxf8+ Qxf8 26. Qe5 Qf7 27. Rxc5 Rf8 28. Rc2 d4 29. Qxd4 Bxa2 30. h3 Bb3 31. Re2 a4 32. Kh2 Qc7+ 33. g3 Qe7 34. Rg2 Rd8 35. Qe4 Qxe4 36. dxe4 Re8 37. Rd2 Rxe4 38. Ng4 h5 39. Nf2 Re3 40. Kg2 Kh7 41. h4 Kg6 42. Nh3 Re5 43. Nf4+ Kh6 44. Rd6+ Kh7 45. Nh3 Bd5+ 46. Kf2 Kg8 47. Ng5 Kf8 48. Rd7 Bb3 49. Kf3 Rb5 50. Kf4 Rc5 51. Ne4 Rb5 52. Nc3 Rb4+ 53. Kg5 Rg4+ 54. Kxh5 Rxg3 55. Rd8+ Ke7 56. Rd5 Bxd5 57. Nxd5+ Kd6 58. Nb6 Ke6 59. Nxa4 Kf7 60. Nc5 Kg8 61. Ne4 Rg2 62. Ng5 Rxb2 63. Kg4 g6 64. Kf4 Rb4+ 65. Ne4 Kg7 66. Ke5 Kh6 67. Kf4 Kh5 68. Kf3 Kxh4 69. Nf2 g5 70. Kg2 Rb2 71. Kf3 Rxf2+ 72. Kxf2 Kh3 73. Kg1 Kg3 74. Kh1 Kf2 75. Kh2 g4 76. Kh1 Kf1 77. Kh2 Kf2 78. Kh1 Kf3 79. Kh2 g3+ 80. Kh1 1/2-1/2

[Event "Titled Tuesday intern op 14th July"]
[Site "Chess.com INT"]
[Date "2020.07.14"]
[Round "6"]
[White "Mendes Domingues, Ribeiro Matheus"]
[Black "Sysolyatin, Evgeny Valerievich"]
[Result "0-1"]
[WhiteElo "2133"]
[BlackElo "2271"]
[PlyCount "114"]
[EventDate "2020.07.14"]
[EventType "swiss (blitz)"]
[EventRounds "10"]
[EventCountry "USA"]
[SourceTitle "CBM 197 Extra"]
[Source "ChessBase"]
[SourceDate "2020.09.30"]
[SourceVersion "1"]
[SourceVersionDate "2020.09.30"]
[SourceQuality "1"]

1. c4 e5 2. g3 Nf6 3. Bg2 d5 4. cxd5 Nxd5 5. Nf3 Nc6 6. 0-0 Be7 7. d4 exd4 8. Nxd4 Nxd4 9. Qxd4 Nf6 10. Qxd8+ Bxd8 11. Nc3 c6 12. Rd1 Be7 13. Bf4 Be6 14. Rd2 0-0 15. Rad1 Rfd8 16. Rxd8+ Bxd8 17. a3 Kf8 18. Ne4 Nxe4 19. Bxe4 h6 20. Bd6+ Be7 21. Bxe7+ Kxe7 22. f4 a5 23. Kf2 Rc8 24. Rc1 Bd7 25. Ke3 b6 26. b4 axb4 27. axb4 Rc7 28. Kd4 Kd6 29. Bf3 Ra7 30. e4 Ra4 31. e5+ Kc7 32. Rb1 Ra2 33. Rc1 Ra4 34. Rb1 c5+ 35. Kc3 Be6 36. Bd1 Ra3+ 37. Bb3 c4 38. f5 Bd5 39. Kd4 Rxb3 40. Rd1 Kc6 41. f6 gxf6 42. exf6 Rd3+ 43. Rxd3 cxd3 44. Kxd3 Kb5 45. Kd4 Be6 46. Ke5 Kxb4 47. Kd6 Kc4 48. Ke7 b5 49. h4 b4 50. g4 b3 51. g5 hxg5 52. hxg5 b2 53. g6 b1Q 54. gxf7 Bxf7 55. Kxf7 Kd5 56. Kg7 Qg1+ 57. Kf8 Ke6 0-1

[Event "Titled Tuesday intern op 14th July"]
[Site "Chess.com INT"]
[Date "2020.07.14"]
[Round "5"]
[White "Sysolyatin, Evgeny Valerievich"]
[Black "Wiewiora, Eneasz"]
[Result "0-1"]
[WhiteElo "2271"]
[BlackElo "2346"]
[PlyCount "98"]
[EventDate "2020.07.14"]
[EventType "swiss (blitz)"]
[EventRounds "10"]
[EventCountry "USA"]
[SourceTitle "CBM 197 Extra"]
[Source "ChessBase"]
[SourceDate "2020.09.30"]
[SourceVersion "1"]
[SourceVersionDate "2020.09.30"]
[SourceQuality "1"]

1. e4 d6 2. d4 Nf6 3. Nc3 e5 4. Nf3 Nbd7 5. Bc4 Be7 6. 0-0 0-0 7. a4 c6 8. a5 Nxe4 9. Nxe4 d5 10. Nxe5 Nxe5 11. dxe5 dxc4 12. Nd6 Be6 13. Nxb7 Qc7 14. Nd6 f6 15. Qe2 Bxd6 16. exd6 Qxd6 17. Bf4 Qd7 18. Rfd1 Bd5 19. Qxc4 Qg4 20. Rxd5 cxd5 21. Qxd5+ Kh8 22. Bd6 Rfd8 23. c4 Rab8 24. c5 Rxb2 25. h3 Qe2 26. Qf5 Rd2 27. Ra3 Rd1+ 28. Kh2 Rf1 29. Rf3 Qd1 30. Qe6 Rh1+ 31. Kg3 Qc1 32. Qf5 Qg1 33. Re3 Rh2 34. Qd5 h6 35. Re7 Rh1 36. Qf7 Rg8 37. Re8 Rxe8 38. Qxe8+ Kh7 39. Qe4+ Kh8 40. Qe8+ Kh7 41. Qe4+ Kh8 42. c6 Qh2+ 43. Kf3 Qxd6 44. Qe8+ Kh7 45. Qe4+ f5 46. Qxf5+ Qg6 47. Qd7 Rc1 48. c7 Qc6+ 49. Qxc6 Rxc6 0-1

[Event "Titled Tuesday intern op 7th July"]
[Site "Chess.com INT"]
[Date "2020.07.07"]
[Round "2"]
[White "Li, Hui"]
[Black "Sysolyatin, Evgeny Valerievich"]
[Result "0-1"]
[WhiteElo "1985"]
[BlackElo "2271"]
[PlyCount "98"]
[EventDate "2020.07.07"]
[EventType "swiss (blitz)"]
[EventRounds "10"]
[EventCountry "USA"]
[SourceTitle "CBM 197 Extra"]
[Source "ChessBase"]
[SourceDate "2020.09.30"]
[SourceVersion "1"]
[SourceVersionDate "2020.09.30"]
[SourceQuality "1"]

1. e4 e5 2. Nf3 Nc6 3. Bb5 Nge7 4. 0-0 g6 5. c3 a6 6. Ba4 Bg7 7. d4 exd4 8. cxd4 0-0 9. d5 Na5 10. Nc3 b5 11. Bc2 d6 12. a4 b4 13. Ne2 h6 14. Rb1 Bg4 15. Ned4 c5 16. dxc6 Naxc6 17. Nxc6 Nxc6 18. Bf4 Nd4 19. Re1 Qf6 20. Qxd4 Qxf4 21. Qe3 Qxe3 22. fxe3 Rac8 23. Bd3 a5 24. Nd4 Be5 25. h3 Bd7 26. b3 Rc3 27. Bc4 Rxe3 28. Rxe3 Bxd4 29. Kf2 Rd8 30. Ke2 Bxe3 31. Kxe3 Kf8 32. Rf1 Be8 33. Kd4 Ke7 34. Rf2 Rc8 35. g4 Rc5 36. Rf3 h5 37. Rg3 Rg5 38. Be2 Bd7 39. h4 Re5 40. gxh5 gxh5 41. Rg5 Rxg5 42. hxg5 h4 43. Ke3 Be6 44. Bd1 h3 45. Kf2 Kf8 46. Kg3 Kg7 47. Be2 Bxb3 48. Kxh3 Bxa4 49. Kg3 Bc2 0-1

[Event "Titled Tuesday intern op 7th July"]
[Site "Chess.com INT"]
[Date "2020.07.07"]
[Round "5"]
[White "Spyropoulos, Nikolaos"]
[Black "Sysolyatin, Evgeny Valerievich"]
[Result "1-0"]
[WhiteElo "2403"]
[BlackElo "2271"]
[PlyCount "59"]
[EventDate "2020.07.07"]
[EventType "swiss (blitz)"]
[EventRounds "10"]
[EventCountry "USA"]
[SourceTitle "CBM 197 Extra"]
[Source "ChessBase"]
[SourceDate "2020.09.30"]
[SourceVersion "1"]
[SourceVersionDate "2020.09.30"]
[SourceQuality "1"]

1. e4 e5 2. Nf3 Nc6 3. Bc4 Bc5 4. 0-0 Nf6 5. d3 d6 6. c3 Bb6 7. a4 a5 8. Re1 h6 9. Nbd2 0-0 10. h3 Re8 11. Nf1 Be6 12. Bb5 Bd7 13. Ng3 Ne7 14. Bc4 Ng6 15. d4 exd4 16. cxd4 Be6 17. Bd3 Nf8 18. Be3 Bd7 19. Rc1 Bc6 20. Qc2 Rc8 21. b3 Qe7 22. Qd2 Bxe4 23. Bxh6 d5 24. Bxg7 Kxg7 25. Nf5+ Bxf5 26. Rxe7 Rxe7 27. Bxf5 Rce8 28. Qg5+ Ng6 29. Bxg6 fxg6 30. Ne5 1-0

[Event "Titled Tuesday intern op 7th July"]
[Site "Chess.com INT"]
[Date "2020.07.07"]
[Round "9"]
[White "Sysolyatin, Evgeny Valerievich"]
[Black "Vifleemskaia, Svetlana"]
[Result "0-1"]
[WhiteElo "2271"]
[BlackElo "1943"]
[PlyCount "80"]
[EventDate "2020.07.07"]
[EventType "swiss (blitz)"]
[EventRounds "10"]
[EventCountry "USA"]
[SourceTitle "CBM 197 Extra"]
[Source "ChessBase"]
[SourceDate "2020.09.30"]
[SourceVersion "1"]
[SourceVersionDate "2020.09.30"]
[SourceQuality "1"]

1. e4 e5 2. Nf3 Nc6 3. d4 exd4 4. Bc4 Nf6 5. e5 d5 6. Bb5 Ne4 7. Nxd4 Bd7 8. Bxc6 bxc6 9. 0-0 Bc5 10. f3 Ng5 11. f4 Ne4 12. Be3 Bb6 13. Nd2 Nxd2 14. Qxd2 c5 15. Nb3 d4 16. Bf2 Bc6 17. c4 Qd7 18. f5 0-0-0 19. Qf4 g6 20. f6 Rhe8 21. Rfe1 h5 22. Bg3 Qg4 23. Qxg4+ hxg4 24. a4 a5 25. Re2 d3 26. Rd2 Be4 27. Re1 Bf5 28. Bf2 Be6 29. Nxc5 Bxc4 30. b3 Bxc5 31. bxc4 Bb4 32. Rdd1 Bxe1 33. Bxe1 Rxe5 34. Bc3 Rc5 35. Kf2 Rxc4 36. Bxa5 Rxa4 37. Bc3 Ra2+ 38. Kg3 Rc2 39. Be5 d2 40. Kxg4 Rc1 0-1

[Event "EU-ch blitz"]
[Site "Tallinn"]
[Date "2019.12.07"]
[Round "17"]
[White "Kanep, Meelis"]
[Black "Sysolyatin, Evgeny Valerievich"]
[Result "1-0"]
[WhiteElo "2280"]
[BlackElo "2396"]
[PlyCount "61"]
[EventDate "2019.12.07"]
[EventType "swiss (blitz)"]
[EventRounds "22"]
[EventCountry "EST"]
[SourceTitle "CBM 193 Extra"]
[Source "ChessBase"]
[SourceDate "2020.01.31"]
[SourceVersion "1"]
[SourceVersionDate "2020.01.31"]
[SourceQuality "1"]

1. d4 d5 2. c4 e6 3. Nc3 Nf6 4. Nf3 Nbd7 5. Bg5 Be7 6. e3 c6 7. Qc2 Nh5 8. Bxe7 Qxe7 9. 0-0-0 Nhf6 10. Kb1 b6 11. g4 h6 12. Rg1 Bb7 13. h4 0-0-0 14. g5 hxg5 15. hxg5 Ne4 16. Nxe4 dxe4 17. Nd2 c5 18. Nxe4 cxd4 19. exd4 Kb8 20. Bg2 f6 21. gxf6 gxf6 22. c5 bxc5 23. dxc5 Ne5 24. Nd6 Bxg2 25. Rxg2 Nc6 26. Qe4 Kc7 27. Rdg1 Rd7 28. Rg3 e5 29. Rb3 Rb8 30. Rxb8 Nxb8 31. Qb7+ 1-0

[Event "EU-ch blitz"]
[Site "Tallinn"]
[Date "2019.12.07"]
[Round "18"]
[White "Sysolyatin, Evgeny Valerievich"]
[Black "Kanep, Meelis"]
[Result "0-1"]
[WhiteElo "2396"]
[BlackElo "2280"]
[PlyCount "89"]
[EventDate "2019.12.07"]
[EventType "swiss (blitz)"]
[EventRounds "22"]
[EventCountry "EST"]
[SourceTitle "CBM 193 Extra"]
[Source "ChessBase"]
[SourceDate "2020.01.31"]
[SourceVersion "1"]
[SourceVersionDate "2020.01.31"]
[SourceQuality "1"]

1. e4 c5 2. Nf3 d6 3. d4 cxd4 4. Nxd4 Nf6 5. Nc3 Nc6 6. Bb5 Bd7 7. 0-0 e5 8. Nf3 h6 9. Re1 Be7 10. Nd5 Nxd5 11. Qxd5 0-0 12. Be3 Nb4 13. Qxb7 Bxb5 14. Qxb5 Nxc2 15. Qa4 Nxa1 16. Rxa1 Qc8 17. h3 Qb7 18. b3 a5 19. Rd1 Rfc8 20. Nd2 Qc6 21. Qxc6 Rxc6 22. Nc4 Rb8 23. Nxa5 Ra6 24. Rd5 Bd8 25. Bd2 Bxa5 26. Bxa5 Rc8 27. a4 Rc1+ 28. Kh2 Rb1 29. Rb5 Rc6 30. Bb6 Rc3 31. b4 Rc4 32. Ba5 Ra1 33. Rb8+ Kh7 34. Rd8 Rxa4 35. Rxd6 Rxe4 36. Rd7 f6 37. Rb7 Re2 38. Kg3 Ra3+ 39. f3 Raa2 40. Kg4 Rxg2+ 41. Kf5 Rgf2 42. Bd8 Rxf3+ 43. Ke6 e4 44. Kd5 e3 45. Kc4 0-1

[Event "EU-ch rapid"]
[Site "Tallinn"]
[Date "2019.12.05"]
[Round "4"]
[White "Sysolyatin, Evgeny Valerievich"]
[Black "Sebenik, Matej"]
[Result "0-1"]
[WhiteElo "2231"]
[BlackElo "2504"]
[PlyCount "90"]
[EventDate "2019.12.05"]
[EventType "swiss"]
[EventRounds "13"]
[EventCountry "EST"]
[SourceTitle "CBM 193 Extra"]
[Source "ChessBase"]
[SourceDate "2020.01.31"]
[SourceVersion "1"]
[SourceVersionDate "2020.01.31"]
[SourceQuality "1"]

1. e4 c5 2. Nf3 Nc6 3. Bb5 g6 4. 0-0 Bg7 5. Bxc6 dxc6 6. h3 b6 7. d3 Nh6 8. a4 a5 9. Nbd2 0-0 10. Qe2 Qc7 11. Nc4 Ba6 12. Bd2 f6 13. b3 e5 14. Nh2 Rae8 15. f4 Bxc4 16. bxc4 f5 17. fxe5 Nf7 18. Rab1 fxe4 19. dxe4 Nxe5 20. Ng4 Nxg4 21. Rxf8+ Rxf8 22. Qxg4 Qe5 23. c3 Rd8 24. Be1 Re8 25. Bd2 Qxe4 26. Rxb6 Qd3 27. Bf4 Qxc4 28. Rb7 Qe6 29. Qxe6+ Rxe6 30. c4 Re4 31. Rb8+ Kf7 32. Rb7+ Kf6 33. Bc7 g5 34. Bxa5 Rxc4 35. Bd8+ Kg6 36. a5 Bd4+ 37. Kf1 Ra4 38. Rb6 Kf5 39. Rxc6 Ke4 40. Bb6 Ra1+ 41. Ke2 Ra2+ 42. Kf1 Rf2+ 43. Ke1 Rxg2 44. Re6+ Kd3 45. Kd1 Ra2 0-1

[Event "RUS-ch blitz"]
[Site "Sochi"]
[Date "2019.10.17"]
[Round "12"]
[White "Bryakin, Mikhail"]
[Black "Sysolyatin, Evgeny Valerievich"]
[Result "0-1"]
[WhiteElo "2440"]
[BlackElo "2271"]
[PlyCount "110"]
[EventDate "2019.10.17"]
[EventType "swiss (blitz)"]
[EventRounds "15"]
[EventCountry "RUS"]
[SourceTitle "CBM 192 Extra"]
[Source "Chessbase"]
[SourceDate "2019.11.06"]
[SourceVersion "1"]
[SourceVersionDate "2019.11.06"]
[SourceQuality "1"]

1. d4 Nf6 2. c4 e6 3. g3 d5 4. Bg2 Nbd7 5. Nf3 dxc4 6. 0-0 Rb8 7. a4 a6 8. Bg5 b5 9. axb5 axb5 10. b3 cxb3 11. Qxb3 Be7 12. Rc1 0-0 13. Nbd2 c5 14. dxc5 Nxc5 15. Qc2 Bb7 16. Rab1 Bd5 17. Bxf6 gxf6 18. e4 Ba8 19. Rd1 Qd3 20. Qb2 Rfd8 21. Bf1 Qd6 22. Qc2 Qc6 23. Re1 b4 24. Bc4 Na4 25. Rbc1 Nc3 26. Bf1 Rbc8 27. Qb2 Qc5 28. Nb3 Qh5 29. Bg2 Rd3 30. Nbd2 Rcd8 31. Ra1 Qg6 32. h3 Bb7 33. Ra7 R3d7 34. Nh4 Qg5 35. Ndf3 Qc5 36. Raa1 Bc6 37. g4 Qc4 38. Bf1 Qc5 39. Bg2 Qc4 40. Bf1 Qc5 41. Bg2 Rd3 42. Rac1 Qd6 43. e5 fxe5 44. Nxe5 Bxh4 45. Nxc6 Rd2 46. Rc2 Bxf2+ 47. Kh1 Bxe1 48. Nxd8 Qxd8 49. Rxd2 Qxd2 50. Qxb4 Ne2 51. Qb8+ Kg7 52. Qe5+ f6 53. Qxe6 Ng3+ 54. Kh2 Qf4 55. Qd7+ Kh6 0-1

[Event "RUS-ch blitz"]
[Site "Sochi"]
[Date "2019.10.17"]
[Round "10"]
[White "Sadovsky, Artem"]
[Black "Sysolyatin, Evgeny Valerievich"]
[Result "0-1"]
[WhiteElo "2411"]
[BlackElo "2271"]
[PlyCount "52"]
[EventDate "2019.10.17"]
[EventType "swiss (blitz)"]
[EventRounds "15"]
[EventCountry "RUS"]
[SourceTitle "CBM 192 Extra"]
[Source "Chessbase"]
[SourceDate "2019.11.06"]
[SourceVersion "1"]
[SourceVersionDate "2019.11.06"]
[SourceQuality "1"]

1. c4 e5 2. g3 Nf6 3. Bg2 d5 4. cxd5 Nxd5 5. Nc3 Ne7 6. Nf3 Nbc6 7. 0-0 g6 8. d3 Bg7 9. Rb1 0-0 10. b4 Nd4 11. Nxd4 exd4 12. Ne4 Nd5 13. Bd2 b6 14. Qb3 Bb7 15. Rfc1 Re8 16. Bg5 Qd7 17. Nf6+ Bxf6 18. Bxf6 Rxe2 19. Bxd4 Nf4 20. Ba1 Nh3+ 21. Kf1 Rxf2+ 22. Ke1 Qe7+ 23. Be4 Bxe4 24. Rxc7 Qxc7 25. dxe4 Re8 26. Qd3 Qc2 0-1

[Event "RUS-ch rapid"]
[Site "Sochi"]
[Date "2019.10.16"]
[Round "6"]
[White "Lugovskoy, Maxim"]
[Black "Sysolyatin, Evgeny Valerievich"]
[Result "1-0"]
[WhiteElo "2436"]
[BlackElo "2271"]
[PlyCount "101"]
[EventDate "2019.10.15"]
[EventType "swiss"]
[EventRounds "11"]
[EventCountry "RUS"]
[SourceTitle "CBM 192 Extra"]
[Source "Chessbase"]
[SourceDate "2019.11.06"]
[SourceVersion "1"]
[SourceVersionDate "2019.11.06"]
[SourceQuality "1"]

1. d4 Nf6 2. Nc3 d5 3. Bf4 e6 4. Nb5 Na6 5. e3 Bb4+ 6. c3 Be7 7. b4 0-0 8. Bd3 b6 9. Nf3 c5 10. bxc5 bxc5 11. a4 cxd4 12. exd4 Ne4 13. 0-0 g5 14. Bc1 Nc7 15. Ne5 Nxb5 16. axb5 Bb7 17. Qh5 f6 18. Nc6 Bxc6 19. bxc6 Qe8 20. Qh3 f5 21. f3 Nd6 22. Re1 Qxc6 23. Rxe6 Qxc3 24. Rxe7 Rf7 25. Rxf7 Nxf7 26. Bb2 Qxb2 27. Rd1 Qxd4+ 28. Kh1 Qa4 29. Rb1 g4 30. Qh5 gxf3 31. Qxf3 Qg4 32. Qxd5 Rd8 33. Qxf5 Qxf5 34. Bxf5 a5 35. h3 Rd5 36. g4 Re5 37. Rb7 h6 38. Ra7 Ng5 39. h4 Nf3 40. Bh7+ Kh8 41. Kg2 Re3 42. h5 Ng5 43. Bf5 Re5 44. Kg3 Re3+ 45. Kf4 Re8 46. Rxa5 Re7 47. Ra6 Nf7 48. Be4 Kg7 49. Rg6+ Kf8 50. Bd5 Ne5 51. Rg8# 1-0